| 000 | 00633nam a2200193Ia 4500 | ||
|---|---|---|---|
| 003 | GCL | ||
| 008 | 140319s9999 xx 000 0 ara d | ||
| 040 |
_aGCL / _cGCL |
||
| 082 | 0 | 4 |
_a214.355 _bم ع |
| 100 | 1 | _aمحمود شيت خطاب | |
| 245 | 1 | 0 |
_aالعسكرية العربية الاسلامية : عقيدة وتاريخا وقادة وتراثا ولغة وسلاحا / _cمحمود شيت خطاب |
| 300 | _a149 ص | ||
| 490 | _a | ||
| 650 | 0 | 4 | _aالتاريخ الحربى |
| 650 | 0 | 4 | _aالتاريخ الاسلامى |
| 650 | 0 | 4 | _aالاسلحة |
| 650 | 0 | 4 | _aالمعدات العسكرية |
| 942 |
_2ddc _cBK |
||
| 999 |
_c46054 _d46054 |
||